| 000 | 01125cam a2200289 a 4500 | ||
|---|---|---|---|
| 001 | 16419005 | ||
| 005 | 20100901090517.0 | ||
| 008 | 100816s2010 enka b 001 0 eng | ||
| 010 | _a 2010281907 | ||
| 020 | _a9781403947000 (pbk.) | ||
| 020 | _a1403947007 (pbk.) | ||
| 020 | _a9781403946997 (hbk.) | ||
| 020 | _a140394699X (hbk.) | ||
| 035 | _a(OCoLC)ocn528410937 | ||
| 040 |
_aUKM _cUKM _dYDXCP _dBWK _dC#P _dBTCTA _dBAKER _dBWX _dCDX _dDLC |
||
| 082 | 0 | 4 |
_a327.101 _222 _bJAR |
| 100 | 1 |
_aJargensen, Knud Erik. _928572 |
|
| 245 | 1 | 0 |
_aInternational relations theory : _ba new introduction / _cKnud Erik Jargensen. |
| 260 |
_aBasingstoke ; _aNew York : _bPalgrave Macmillan, _c2010. |
||
| 300 |
_axv, 272 p. : _bill. ; _c24 cm. |
||
| 504 | _aIncludes bibliographical references and index. | ||
| 650 | 0 |
_aInternational relations _xPhilosophy. _928573 |
|
| 653 |
_bEco _cFebruary2012 |
||
| 942 |
_2ddc _cBB |
||
| 999 |
_c16377 _d16377 |
||